Reference services and public policy (Record no. 55828)

MARC details
000 -LEADER
fixed length control field 01034nam a2200241 a 4500
008 - FIXED-LENGTH DATA ELEMENTS--GENERAL INFORMATION
fixed length control field 120416s1988 ||||||||||||||||| || u
020 ## - INTERNATIONAL STANDARD BOOK NUMBER
International Standard Book Number 0866567429
050 ## - LIBRARY OF CONGRESS CALL NUMBER
Classification number Z 711 Ref
100 ## - MAIN ENTRY--PERSONAL NAME
Personal name Irving, Richard D
245 10 - TITLE STATEMENT
Title Reference services and public policy
Statement of responsibility, etc. edited by Richard D. Irving
260 ## - PUBLICATION, DISTRIBUTION, ETC.
Place of publication, distribution, etc. New York:
Name of publisher, distributor, etc. The Harworth Press
Date of publication, distribution, etc. 1988
300 ## - PHYSICAL DESCRIPTION
Extent 221p.: ill.
350 ## - PRICE (NR) (BK AM CF MU VM SE) [OBSOLETE]
Price 0.00
500 ## - GENERAL NOTE
General note "Reference services and public policy has also been published as Reference librarian, volume 20, 1987"--T.p. verso. -Includes bibliographies.
650 ## - SUBJECT ADDED ENTRY--TOPICAL TERM
Topical term or geographic name entry element INFORMATION POLICY--UNITED STATES
650 ## - SUBJECT ADDED ENTRY--TOPICAL TERM
Topical term or geographic name entry element POLICY SCIENCES--INFORMATION SERVICES
650 ## - SUBJECT ADDED ENTRY--TOPICAL TERM
Topical term or geographic name entry element REFERENCE SERVICES (LIBRARIES)--UNITED STATES
650 ## - SUBJECT ADDED ENTRY--TOPICAL TERM
Topical term or geographic name entry element GOVERNMENT INFORMATION--UNITED STATES
650 ## - SUBJECT ADDED ENTRY--TOPICAL TERM
Topical term or geographic name entry element LIBRARIES AND STATE--UNITED STATES
700 ## - ADDED ENTRY--PERSONAL NAME
Personal name Katz, Bill
700 ## - ADDED ENTRY--PERSONAL NAME
Personal name Katz, William A., 1924-
995 ## - RECOMMENDATION 995 [LOCAL, UNIMARC FRANCE]
-- 0.00
-- CBU-MAIN LIBRARY (Kitwe)
-- 1
-- 28.35
-- 1
-- AVAILABLE
-- Annex Low-Usage Collection
Holdings
Withdrawn status Lost status Source of classification or shelving scheme Damaged status Not for loan Home library Current library Shelving location Date acquired Total Checkouts Full call number Barcode Date last seen Price effective from Koha item type
          CBU-MAIN LIBRARY, KITWE. CBU-MAIN LIBRARY, KITWE.   11/30/2022   Z 711 Ref 017038 11/30/2022 11/30/2022 MONOGRAPH